STN ISO 4121: 2012 (56 0056) Senzorická analýza. Návod na používanie kvantitatívnych stupníc odpovedí

Táto norma obsahuje slovenskú verziu normy ISO 4121: 2003

Bibliographic Details
Corporate Author: Potravinokonzult (Bratislava, Slovensko) (Author)
Other Authors: Kerekréty, Jozef, 1957- (Translator)
Format: Book
Language:Slovak
English
PhysicalDescription:12 s. obr. 30 cm
Published: Bratislava Slovenský ústav technickej normalizácie 2012
Subjects:

MARC

LEADER 00000nam a2200000 a 4500
001 vtls010458618
003 SK-MaSNL
005 20260301132852.0
008 130117s xo a f u 000 0 slo
015 |a SNBN2013 
020 |c (cen. skup. 3) 
040 |a SNK  |b slo  |c SNK  |e AACR2 
041 1 |a slo  |h eng 
044 |a xo  |c SK 
046 |a s  |m 201210 (účin. ) 
072 7 |a 543  |x Analytická chémia  |2 konspekt 
072 7 |a 614  |x Verejné zdravie a hygiena  |2 konspekt 
080 |a 543.6:663/664  |2 2001 
080 |a 006.7/.8  |2 2001 
080 |a (437.6)  |2 2001 
080 |a (4)  |2 2001 
080 |a 614.31  |2 2001 
084 |a 67.240  |2 ICS 
130 0 |a STN 56 0056 (STN ISO 4121)  |9 484338 
245 1 0 |a STN ISO 4121: 2012 (56 0056) Senzorická analýza. Návod na používanie kvantitatívnych stupníc odpovedí 
246 1 0 |a Senzorická analýza 
246 1 0 |a Návod na používanie kvantitatívnych stupníc odpovedí 
246 3 0 |a ISO 4121: 2003 
260 |a Bratislava  |b Slovenský ústav technickej normalizácie  |c 2012 
300 |a 12 s.  |b obr.  |c 30 cm 
500 |a Súbežný názov v angličtine, francúzštine, nemčine 
500 |a Spracovateľ Potravinokonzult Bratislava, Jozef Kerekréty 
504 |a Citované normy, súvisiace právne predpisy s. 2 ; literatúra s. 12 
520 8 |a Táto norma obsahuje slovenskú verziu normy ISO 4121: 2003 
540 |a STN vydané na akomkoľvek nosiči sa môžu rozmnožovať a rozširovať iba so súhlasom určenej právnickej osoby  |b SÚTN Bratislava  |c zákon 264/1999 Z. z. 
650 0 7 |a analýza potravín  |2 SNKPH  |9 26393 
650 0 7 |a technické normy a štandardy  |z Slovensko  |2 SNKPH  |9 79594 
650 0 7 |a technické normy a štandardy  |z krajiny Európskej únie  |2 SNKPH  |9 289341 
650 0 7 |a potraviny  |2 SNKPH  |9 1614 
650 0 7 |a Food analysis  |2 SNKPHeng  |9 82024 
655 7 |a normy  |2 SNKPH  |9 70643 
700 1 |a Kerekréty, Jozef,  |d 1957-  |4 trl  |9 320363 
710 2 |a Potravinokonzult (Bratislava, Slovensko)  |4 aut  |9 320364 
710 2 |a Slovenský ústav technickej normalizácie (Bratislava, Slovensko).  |b Technická komisia č. 78 Poľnohospodárske produkty a potravinárske výrobky  |4 stn  |9 314593 
852 |a Štátna vedecká knižnica v Banskej Bystrici 
958 |a OP 
958 |a NB 
999 |c 752199  |d 754129 
952 |a SNK  |b SNK  |y PREZ  |7 0  |p 17A1055040  |o snkSTN ISO 4121  |i snk2012/21473  |8 0  |0 0  |1 0  |4 0  |d 2012-10-24  |l 0  |r 2026-02-23 23:36:38  |w 2026-02-23 
952 |a SNK  |b SNK  |y PREZ  |7 0  |p 17A1055041  |o snkSTN ISO 4121 D1  |i snk2012/21474  |8 0  |0 0  |1 0  |4 0  |d 2012-10-24  |l 0  |r 2026-02-23 23:36:38  |w 2026-02-23